Hồ Biểu Chánh: Người mở đường cho tiểu thuyết văn học Việt Nam

Сохранить в:
Библиографические подробности
Формат:
Опубликовано: 2006
Метки: Добавить метку
Нет меток, Требуется 1-ая метка записи!
Thư viện lưu trữ: Mạng thư viện Đại học Đà Nẵng
LEADER 00501nam a22001811a 4500
001 000039032
003 15327
005 20160412021909.0
008 160412s2006 000
082 |a 4V(TK)541-42 
245 |a Hồ Biểu Chánh: Người mở đường cho tiểu thuyết văn học Việt Nam  |c Nhiều tác giả 
260 |c 2006 
OWN |a LNN 
999 |a From the UDN01 
TYP |a Monograph 
980 |a Mạng thư viện Đại học Đà Nẵng